00522cam a2200181 a 450000100100000000500170001000800410002702000150006803500190008304000250010208200200012710000370014724500570018426000340024130000210027565000210029665000230031700000909320200929161503.0990524s1999 mx 000 f spa d a9681906195 a(DLC) 99209172 aDO-SdBNPcDLCdBNPHU aPe863.44bB916g1 aBryce Echenique, Alfredo,d1939-10aGuía triste de París /cAlfredo Bryce Echenique. aMéxico :bAlfaguara,c1999. a211 p. ;c22 cm. 4aCuentos peruanos 4aLiteratura peruana